| 000 | 00585nam a2200217 4500 | ||
|---|---|---|---|
| 001 | 132347 | ||
| 003 | ES-MaACL | ||
| 005 | 20250911062653.0 | ||
| 007 | t| | ||
| 008 | 070214s1952 sp r ||||1| spa d | ||
| 100 | 1 |
_aRomero Pérez, Luis, _d1916-2009 _999338 |
|
| 245 | 1 | 3 |
_aLa noria / _cLuis Romero. |
| 250 | _a1ª ed. | ||
| 260 |
_aBarcelona : _bDestino, _c1952. |
||
| 300 |
_a284 p. ; _c19 cm. |
||
| 490 | 1 | _aAncora y delfín | |
| 500 | _aPremio Eugenio Nadal 1951. | ||
| 830 | 0 | 0 |
_aÁncora y Delfín _9151298 |
| 852 |
_aES-MaACL _jD-7421 _bR.32353 |
||
| 999 |
_c132347 _d132347 |
||